000 00363 a2200169 4500
001 164221
020 _a978-85-16-06603-1
040 _cMagnum
100 _aPerrault, Charles
240 1 0 _aContos de perrault
_lpor
245 1 0 _aContos de perrault
300 _a66
362 0 _a2010
440 1 _aSalamandra
697 _aLITERATURA INFANTO
942 _cBK
999 _c164221
_d164221